000 00761nam a2200253Ia 4500
001 Para_2501
003 CHAP
008 220125s1999 xx 000 0 und d
010 _a201016
040 _cCHAP
082 _aPA 632.93 M4
110 _aMéxico. Dirección General de Sanidad Vegetal
_977045
245 _aInforme anual /
_c por Dirección General de Sanidad Vegetal
260 _aMéxico, D. F. :
_b La Dirección
500 _aLa biblioteca tiene: 1982, 1983, 1984, 1985, 1987, 1988, 1990
650 _aSanidad vegetal Control de plagas
_9165871
901 _aPA 632.93 M4
902 _aA
905 _a00000019-- 19--. mx 0000000000 00
910 _a19--
942 _cPARA
942 _cPARA
_d1
999 _c201016
_d201016